| 000 -LEADER |
| fixed length control field |
00686nam a22002177a 4500 |
| 003 - CONTROL NUMBER IDENTIFIER |
| control field |
OSt |
| 005 - DATE AND TIME OF LATEST TRANSACTION |
| control field |
20210426115703.0 |
| 008 - FIXED-LENGTH DATA ELEMENTS--GENERAL INFORMATION |
| fixed length control field |
210128s1965 ||||| |||| 00| 0 eng d |
| 040 ## - CATALOGING SOURCE |
| Original cataloging agency |
eng |
| Language of cataloging |
eng |
| Transcribing agency |
DLC |
| 041 ## - LANGUAGE CODE |
| Language code of text/sound track or separate title |
eng |
| 080 ## - UNIVERSAL DECIMAL CLASSIFICATION NUMBER |
| Universal Decimal Classification number |
61 (09) |
| Item number |
R-71 |
| 100 ## - MAIN ENTRY--PERSONAL NAME |
| 9 (RLIN) |
717 |
| Personal name |
Rogers, Bradway. Frank |
| 245 ## - TITLE STATEMENT |
| Title |
Selected Papers of John Shaw Billings |
| Statement of responsibility, etc. |
/ by: Medical Library Association |
| 260 ## - PUBLICATION, DISTRIBUTION, ETC. |
| Place of publication, distribution, etc. |
Baltimore, Maryland |
| Name of publisher, distributor, etc. |
Medical Library Association, Waverly Press |
| Date of publication, distribution, etc. |
1965 |
| 300 ## - PHYSICAL DESCRIPTION |
| Extent |
300 p. |
| Other physical details |
ill. |
| 650 #0 - SUBJECT ADDED ENTRY--TOPICAL TERM |
| 9 (RLIN) |
335 |
| Topical term or geographic name entry element |
History of Medicine |
| 650 #0 - SUBJECT ADDED ENTRY--TOPICAL TERM |
| 9 (RLIN) |
237 |
| Topical term or geographic name entry element |
Biography |
| 653 ## - INDEX TERM--UNCONTROLLED |
| Uncontrolled term |
მედიცინის ისტორია |
| 653 ## - INDEX TERM--UNCONTROLLED |
| Uncontrolled term |
ბიოგრაფია |
| 942 ## - ADDED ENTRY ELEMENTS (KOHA) |
| Source of classification or shelving scheme |
|
| Koha item type |
Books |